<?xml version="1.0" encoding="UTF-8"?>
<record
    xmlns:xsi="http://www.w3.org/2001/XMLSchema-instance"
    xsi:schemaLocation="http://www.loc.gov/MARC21/slim http://www.loc.gov/standards/marcxml/schema/MARC21slim.xsd"
    xmlns="http://www.loc.gov/MARC21/slim">

  <leader>01779nam a22001697a 4500</leader>
  <controlfield tag="003">IT-RoPau</controlfield>
  <controlfield tag="005">20220918181219.0</controlfield>
  <controlfield tag="008">140226b        xxu||||| |||| 00| 0 eng d</controlfield>
  <datafield tag="040" ind1=" " ind2=" ">
    <subfield code="c">IT-RoPau</subfield>
  </datafield>
  <datafield tag="100" ind1=" " ind2=" ">
    <subfield code="a">Governo Generale della FP</subfield>
    <subfield code="9">14892</subfield>
  </datafield>
  <datafield tag="245" ind1=" " ind2=" ">
    <subfield code="a">Laicos consagrados y cooperadores en la Familia Paulina</subfield>
    <subfield code="b">Sintesis de Actas Y Documentos de los encuentros VI-VIII (1988-90) de los Gobiernos generales de la Familia Paulina</subfield>
  </datafield>
  <datafield tag="260" ind1=" " ind2=" ">
    <subfield code="a">Roma</subfield>
    <subfield code="b">Casa General SSP</subfield>
    <subfield code="c">1990</subfield>
  </datafield>
  <datafield tag="300" ind1=" " ind2=" ">
    <subfield code="a">52 pp.</subfield>
    <subfield code="c">21 cm</subfield>
  </datafield>
  <datafield tag="490" ind1=" " ind2=" ">
    <subfield code="a">Ediciones del Archivo Hist&#xF3;rico General de la Familia Paulina</subfield>
  </datafield>
  <datafield tag="520" ind1=" " ind2=" ">
    <subfield code="a">Indice

VIIII Encuentro de los Gobiernos generales de la Familia Paulina

I etapa
Retiro espiritual animado por Mons. Pietro Rossano
1. Qu&#xE9; significa cooperar o colaborar con el Evangelio
2. C&#xF3;mo comunica san Pablo el Evangelio
3. Qui&#xE9;n est&#xE1; llamado a difundir el Evangelio
4. Colaboradores de san Pablo
Homil&#xED;a en la Misa

II etapa
A. S&#xED;ntesis de los Encuentros Vi y VII
I. S&#xED;ntesis de las relaciones del VI Encuentro (1988)
a. El aspecto de la actualidad eclesial
b. La figura jur&#xED;dico-teol&#xF3;gica del laico
c. El laico en la Iglesia y en la sociedad
II. S&#xED;ntesis de las relaciones del VII Encuentro (1989)
d. La veta hist&#xF3;rico-paulina: los protagonistas testimonian
e. La praxis congregacional en la relaci&#xF3;n con los laicos
f. Pensamiento y praxis del P. Alberione
g. Laicos e Intitutos religiosos
h. Institutos laicales, Cooperadores y colaboradores
i. Documento-mensaje del VIII Encuentro de los Gobiernos generales de la Familia Paulina (1989)
B. Presentaci&#xF3;n del dossier "Laicos y Familia Paulina" (1990)

III. etapa
Trabajos de grupo y en Asamblea
Documento final - mensaje del VIII Encuentro de los Gobiernos generalies de la Familia Paulina</subfield>
  </datafield>
  <datafield tag="942" ind1=" " ind2=" ">
    <subfield code="2">ddc</subfield>
    <subfield code="c">BK</subfield>
  </datafield>
  <datafield tag="999" ind1=" " ind2=" ">
    <subfield code="c">104232</subfield>
    <subfield code="d">104232</subfield>
  </datafield>
  <datafield tag="952" ind1=" " ind2=" ">
    <subfield code="0">0</subfield>
    <subfield code="1">0</subfield>
    <subfield code="2">ddc</subfield>
    <subfield code="4">0</subfield>
    <subfield code="6">P_C2</subfield>
    <subfield code="7">1</subfield>
    <subfield code="a">PAULUS</subfield>
    <subfield code="b">PAULUS</subfield>
    <subfield code="d">2014-02-26</subfield>
    <subfield code="l">0</subfield>
    <subfield code="o">P C2</subfield>
    <subfield code="r">2014-02-26 00:00:00</subfield>
    <subfield code="w">2014-02-26</subfield>
    <subfield code="y">BK</subfield>
  </datafield>
</record>
